Data on some rare sulphosalts

Elmentve itt :
Bibliográfiai részletek
Szerző: Koch Sándor
Dokumentumtípus: Cikk
Megjelent: University of Szeged, Department of Mineralogy, Geochemistry and Petrology Szeged 1957
Sorozat:Acta mineralogica-petrographica 10
Kulcsszavak:Kőzettan, Ásványtan, Földtan
Tárgyszavak:
Online Access:http://acta.bibl.u-szeged.hu/24428
LEADER 00788nab a2200205 i 4500
001 acta24428
005 20220721090022.0
008 161017s1957 hu o 0|| eng d
022 |a 0365-8066 
040 |a SZTE Egyetemi Kiadványok Repozitórium  |b hun 
041 |a eng 
100 1 |a Koch Sándor 
245 1 0 |a Data on some rare sulphosalts  |h [elektronikus dokumentum] /  |c  Koch Sándor 
260 |a University of Szeged, Department of Mineralogy, Geochemistry and Petrology  |b Szeged  |c 1957 
300 |a 51-58 
490 0 |a Acta mineralogica-petrographica  |v 10 
650 4 |a Természettudományok 
650 4 |a Föld- és kapcsolódó környezettudományok 
695 |a Kőzettan, Ásványtan, Földtan 
856 4 0 |u http://acta.bibl.u-szeged.hu/24428/1/mineralogica_010_051-058.pdf  |z Dokumentum-elérés